LEADER 01085nam0-2200373---450- 001 990000335630203316 010 $a0-419-17660-8 035 $a0033563 035 $aUSA010033563 035 $a(ALEPH)000033563USA01 035 $a0033563 100 $a20010206d1992----km-y0itay0103----ba 101 $aeng 102 $aGB 105 $a||||||||001yy 200 1 $aArchitecture and construction in steel$fedited by Alan Blanc, Michael McEvoy, Roger Plank 210 $aLondon [etc.]$cE & FN Spon$d1992 215 $aXIX, 619 p.$d31 cm 606 0 $aCostruzioni in ferro 606 0 $aCostruzioni in acciaio 676 $a691.7 702 1$aBLANC,$bAlan 702 1$aMcEVOY,$bMichael 702 1$aPLANK,$bRoger 801 0$aIT$bsalbc$gISBD 912 $a990000335630203316 951 $a691.7 ARC$b15676 Ing.$c691.7$d00068583 959 $aBK 969 $aTEC 979 $aTAMI$b40$c20010206$lUSA01$h1025 979 $c20020403$lUSA01$h1641 979 $aPATRY$b90$c20040406$lUSA01$h1623 996 $aArchitecture and construction in steel$9878072 997 $aUNISA LEADER 02226nam0 22004573i 450 001 LO10090791 005 20251003044207.0 020 $aIT$b77-176 100 $a20030306d1975 ||||0itac50 ba 101 | $aita$cita 102 $ait 181 1$6z01$ai $bxxxe 182 1$6z01$an 183 1$6z01$anc$2RDAcarrier 200 1 $aˆI ‰comunisti e l'economia italiana, 1944-1974$eantologia di scritti e documenti$fLuciano Barca, Franco Botta, Alberto Zevi 210 $aBari$cDe Donato$d[1975] 215 $a446 p.$d21 cm 225 | $aMovimento operaio$v23 410 0$1001RAV0043321$12001 $aMovimento operaio$v23 500 10$aˆI ‰comunisti e l'economia italiana, 1944-1974$3IEI0721805$91716710 606 $aPartito comunista italiano$xPolitica economica$x1944-1974$2FIR$3SBLC003137$9I 676 $a324.245075$9PARTITI MODERNI ITALIANI. PARTITI COMUNISTI$v19 676 $a324.245075$9Partiti e movimenti politici. Partito comunista italiano$v20 676 $a324.245075$9PARTITI MODERNI ITALIANI. PARTITI COMUNISTI$v21 676 $a324.2450752$9PARTITI POLITICI. Partito comunista italiano.$v22 676 $a329$9PARTITI POLITICI$v21 676 $a335.40945$9SISTEMI MARXISTI. Italia$v23 676 $a342.245075$9$v21 700 1$aBarca$b, Luciano$3CFIV011299$4070$0121187 701 1$aZevi$b, Alberto$3CFIV047792$4070$0249084 701 1$aBotta$b, Franco$f <1942- >$3CFIV058254$4070$0121020 801 3$aIT$bIT-000000$c20030306 850 $aIT-BN0095 $aIT-NA0581 $aIT-NA0230 $aIT-NA0695 901 $bNAP PG$cBIBLIOTECA$n$ 901 $bNAP FC$cFONDO $n$ 901 $bNAP 01$cPOZZO LIB.$nVi sono collocati fondi di economia, periodici di ingegneria e scienze, periodici di economia e statistica e altri fondi comprendenti documenti di economia pervenuti in dono. 912 $aLO10090791 950 0$aBiblioteca Centralizzata di Ateneo$c1 v.$d 01POZZO LIB.F. SANTI 12$e 0101 0060028915E VMA 1 v. (Precedente collocazione S 74)$fB $h20221103$i20221103 977 $a 01$a FC$a IR$a PG 996 $aComunisti e l'economia italiana, 1944-1974$91716710 997 $aUNISANNIO